000 00460nmm a2200169Ia 4500
008 251105s9999||||xx |||||||||||||||||und||
020 _a9788483590232
041 _aspa
100 _aGonzález Moreno, Pedro A.
245 0 _aLos puentes rotos
264 _a[Madrid, España] :
_bCalambur,
_c2007
300 _a289 páginas
490 _aNarrativa
650 _aSpanish narrative
856 _uhttps://public.digitaliapublishing.com/a/30602
942 _cCF
999 _c86120
_d86120